Fastest Growing Australian Cities - Statistics

General Stats
  • This quiz has been taken 35 times
  • The average score is 12 of 22
Answer Stats
# % Growth Population State Answer % Correct
11 1.52 4,901,863 Vic Melbourne
100%
19 1.16 2,099,530 WA Perth
100%
14 1.35 4,959,107 NSW Sydney
100%
6 1.8 2,495,825 Qld Brisbane
97%
5 2.17 718,772 Qld Gold Coast
93%
22 1.04 218,386 Tas Hobart
83%
16 1.22 505,489 NSW Newcastle
76%
4 2.23 353,906 Qld Sunshine Coast
76%
3 2.5 287,704 Vic Geelong
62%
6 1.8 111,348 Vic Ballarat
59%
20 1.15 312,167 NSW Wollongong
59%
13 1.38 97,274 NSW/Vic Albury - Wodonga
55%
10 1.54 103,575 Vic Bendigo
55%
18 1.18 39,363 NSW Dubbo
38%
17 1.2 38,087 NSW Bathurst
34%
1 4.55 77,392 Vic Melton
28%
9 1.66 50,365 NSW Port Macquarie
28%
15 1.32 56,599 Qld Hervey Bay
21%
12 1.41 41,454 NSW Bowral - Mittagong
14%
8 1.71 41,034 WA Busselton
10%
20 1.15 38,947 NSW Nowra - Bomaderry
10%
2 3.46 42,115 Vic Warragul
3%
No matching quizzes found
Score Distribution
Percent of People with Each Score
Percentile by Number Answered
Your Score History
You have not taken this quiz